00274nam a22000977a 4500999001500000008004100015100001600056245005400072250001500126260003500141 c8560d8560200317b ||||| |||| 00| 0 eng d aSoni, P. L. aTextbook of Organic ChemistryhEnglishnPg. Misc. a29thb2019 aNew DelhibSultan Chand & Sons